[Event "XXVI Weekend Open FIDE"]
[Site "Robecchetto con Induno ITA"]
[Date "2015.07.24"]
[Round "1"]
[White "Mereghetti, Marco"]
[Black "Castoldi, Andrea"]
[WhiteElo "1655"]
[BlackElo "1392"]
[Result "1-0"]
[PlyCount "41"]
[EventDate "2015.07.24"]

1. e4 c6 2. d4 d5 3. Nc3 dxe4 4. Nxe4 Nd7 5. Nf3 Ngf6 6. Ng3 e6 7. Bd3 Be7 8.
O-O O-O 9. b3 c5 10. c4 cxd4 11. Nxd4 Nc5 12. Bc2 Bd7 13. b4 Na6 14. a3 Rc8 15.
Qd3 Qc7 16. c5 Nxc5 17. bxc5 Bxc5 18. Nh5 g6 19. Nxf6+ Kh8 20. Qh3 Kg7 21. Bh6+
1-0

[Event "XXVI Weekend Open FIDE"]
[Site "Robecchetto con Induno ITA"]
[Date "2015.07.24"]
[Round "1"]
[White "Minore, Antonino"]
[Black "Rossi, Emanuele"]
[WhiteElo "1283"]
[BlackElo "1593"]
[Result "0-1"]
[PlyCount "112"]
[EventDate "2015.07.24"]

1. c4 e5 2. e4 Nc6 3. Nc3 Bc5 4. d3 d6 5. Be3 Bxe3 6. fxe3 Nf6 7. g3 O-O 8. Bg2
Bg4 9. Nce2 Qd7 10. h3 Be6 11. Nf3 Rab8 12. b3 b5 13. cxb5 Rxb5 14. O-O Rfb8
15. Ng5 Nd8 16. Nxe6 Nxe6 17. Nc3 R5b7 18. Rxf6 gxf6 19. Qg4+ Kh8 20. Nd5 Rg8
21. Qxg8+ Kxg8 22. Nxf6+ Kg7 23. Nxd7 c6 24. Nxe5 dxe5 25. h4 c5 26. Bh3 Nd8
27. Rf1 f6 28. Bf5 Rc7 29. Rc1 Rc6 30. g4 a5 31. a4 h6 32. Rc2 Nb7 33. d4 Rc7
34. d5 Nd6 35. h5 c4 36. bxc4 Rxc4 37. Rxc4 Nxc4 38. Kf2 Kf8 39. Kg3 Ke7 40.
Be6 Kd6 41. Kf3 Nb6 42. g5 fxg5 43. Kg4 Nxa4 44. Kf5 Nc5 45. Kg6 Nxe6 46. dxe6
Kxe6 47. Kxh6 Kf6 48. Kh7 Kf7 49. h6 g4 50. Kh8 g3 51. h7 Ke6 52. Kg8 g2 53.
h8=Q g1=Q+ 54. Kh7 Qh1+ 55. Kg8 Qxh8+ 56. Kxh8 a4 0-1

[Event "XXVI Weekend Open FIDE"]
[Site "Robecchetto con Induno ITA"]
[Date "2015.07.24"]
[Round "1"]
[White "Moroni, Luca"]
[Black "Vignati, Andrea"]
[WhiteElo "1821"]
[BlackElo "1524"]
[Result "1/2-1/2"]
[PlyCount "106"]
[EventDate "2015.07.24"]

1. d4 b6 2. Nf3 Bb7 3. Bf4 e6 4. Nc3 d6 5. e3 Nd7 6. Be2 Ngf6 7. h3 g6 8. a4 a6
9. O-O Bg7 10. Re1 O-O 11. Bg3 c5 12. Bc4 Qc7 13. Be2 Rfd8 14. Qc1 Rac8 15. Nd2
h6 16. Bh4 g5 17. Bg3 e5 18. dxe5 Nxe5 19. e4 Qe7 20. f3 Nh5 21. Bh2 Nf4 22.
Bf1 c4 23. Nd5 Nxd5 24. exd5 Bxd5 25. c3 Be6 26. f4 gxf4 27. Bxf4 Qh4 28. Bh2
Bf5 29. Bxe5 Bxe5 30. Nf3 Qf4 31. Nxe5 dxe5 32. Re3 Rd1 33. Qxd1 Qxe3+ 34. Kh1
Kg7 35. Qh5 Bg6 36. Qg4 Rc7 37. Bxc4 a5 38. Rd1 h5 39. Qe2 Qe4 40. Qxe4 Bxe4
41. Be2 h4 42. Rd6 Rc6 43. Rd7 Rg6 44. Bg4 Bc6 45. Rb7 Kf6 46. Rc7 Bxa4 47. Rb7
Kg7 48. Kg1 Bb3 49. Kf2 Rd6 50. Ke3 Kg6 51. Ke4 f6 52. Bf5+ Kh6 53. Rh7+ Kg5
1/2-1/2

[Event "XXVI Weekend Open FIDE"]
[Site "Robecchetto con Induno ITA"]
[Date "2015.07.24"]
[Round "1"]
[White "Nava, Mario"]
[Black "Ginosa, Romano Pierluigi"]
[WhiteElo "1299"]
[BlackElo "1622"]
[Result "0-1"]
[PlyCount "108"]
[EventDate "2015.07.24"]

1. Nf3 d5 2. d4 c6 3. c4 Nf6 4. Nc3 a6 5. a4 e6 6. e3 Bb4 7. Bd2 a5 8. Bd3 Nbd7
9. O-O O-O 10. Qc2 dxc4 11. Bxc4 Re8 12. Bd3 e5 13. Ne4 Nxe4 14. Bxb4 axb4 15.
Bxe4 Nf6 16. Nxe5 Nxe4 17. Qxe4 f6 18. Nxc6 bxc6 19. Qxc6 Bd7 20. Qc4+ Be6 21.
Qxb4 Qd5 22. Qc5 Qb3 23. Qc3 Qd5 24. b4 Rec8 25. Qb2 Qe4 26. Qe2 Bc4 27. Qd2
Bxf1 28. Rxf1 Rxa4 29. Qb2 Qd5 30. b5 Ra2 31. Qb1 Rac2 32. h3 Qc4 33. b6 Rb8
34. b7 Qc7 35. Qb3+ Kh8 36. Rb1 Rc1+ 37. Rxc1 Qxc1+ 38. Kh2 Qc7+ 39. f4 Rxb7
40. Qa2 g5 41. Qa3 Kg7 42. d5 gxf4 43. d6 Qd7 44. exf4 Rb6 45. Qg3+ Kh8 46. Qf3
Rxd6 47. Qa8+ Kg7 48. Qf3 Rd3 49. Qg4+ Qxg4 50. hxg4 h5 51. gxh5 f5 52. g3 Kh6
53. Kh3 Kxh5 54. Kg2 Kg4 0-1

[Event "XXVI Weekend Open FIDE"]
[Site "Robecchetto con Induno ITA"]
[Date "2015.07.24"]
[Round "1"]
[White "Panigoni, Giuseppe"]
[Black "Dini, Marco"]
[WhiteElo "1722"]
[BlackElo "1440"]
[Result "0-1"]
[PlyCount "88"]
[EventDate "2015.07.24"]

1. e4 e6 2. d4 d5 3. exd5 exd5 4. Bb5+ Bd7 5. Qe2+ Be7 6. Bxd7+ Nxd7 7. Nc3
Ngf6 8. Nf3 O-O 9. O-O Re8 10. Be3 c5 11. Qb5 Qc7 12. dxc5 Nxc5 13. Rad1 a6 14.
Qe2 Rad8 15. Nd4 Bd6 16. h3 Bh2+ 17. Kh1 Be5 18. Qf3 Bxd4 19. Rxd4 Qc6 20. Rfd1
Nce4 21. Qf4 Nxc3 22. bxc3 Qxc3 23. Qf5 Qc6 24. Bg5 Re6 25. c4 Qc7 26. cxd5 Re5
27. Bf4 Rxf5 28. Bxc7 Rdxd5 29. Rxd5 Rxd5 30. Rxd5 Nxd5 31. Bd6 f5 32. f4 Kf7
33. Kg1 Ke6 34. Be5 g6 35. Kf2 Nb4 36. Bc3 Nxa2 37. Bd2 Kd5 38. Ke2 Kc4 39. g4
Nc3+ 40. Ke3 b5 41. Bc1 b4 42. Kd2 b3 43. Bb2 Ne4+ 44. Ke2 a5 0-1

[Event "XXVI Weekend Open FIDE"]
[Site "Robecchetto con Induno ITA"]
[Date "2015.07.24"]
[Round "1"]
[White "Pivari, Flavio"]
[Black "Cecchini, Massimo S."]
[WhiteElo "1481"]
[BlackElo "1732"]
[Result "1-0"]
[PlyCount "57"]
[EventDate "2015.07.24"]

1. e4 c6 2. d4 d5 3. Nd2 dxe4 4. Nxe4 Bf5 5. Nc5 Qc7 6. c3 e6 7. Nd3 Bd6 8. Nf3
Nd7 9. Be3 Ngf6 10. Be2 Ng4 11. Nfe5 Ngxe5 12. Nxe5 Nxe5 13. dxe5 Bxe5 14. Bg4
Be4 15. Bh3 Bxh2 16. Qg4 O-O-O 17. Qxe4 Rd5 18. f4 Bg3+ 19. Ke2 g6 20. Kf3 f5
21. Qxe6+ Kb8 22. Kxg3 Rd6 23. Qe5 Rhd8 24. a4 Ka8 25. Kh2 Qf7 26. a5 Rd5 27.
Rad1 Rxd1 28. Rxd1 Rxd1 29. Qh8+ 1-0

[Event "XXVI Weekend Open FIDE"]
[Site "Robecchetto con Induno ITA"]
[Date "2015.07.24"]
[Round "1"]
[White "Poletto, Daniele"]
[Black "Koureas, Panicos"]
[WhiteElo "1712"]
[BlackElo "1429"]
[Result "1-0"]
[PlyCount "123"]
[EventDate "2015.07.24"]

1. c4 e6 2. Nf3 Nf6 3. g3 Be7 4. Bg2 d5 5. O-O O-O 6. b3 Nbd7 7. Bb2 c5 8. cxd5
exd5 9. d4 b6 10. Nbd2 Bb7 11. dxc5 bxc5 12. e3 Rc8 13. Rc1 a5 14. Qc2 Re8 15.
Qb1 Bd6 16. Rfe1 Ne5 17. Nxe5 Bxe5 18. Nf3 Bb8 19. Qa1 Ne4 20. Bxg7 f6 21. Bh6
Re6 22. Bh3 Qe7 23. Nh4 Be5 24. Qb1 Rec6 25. Bf4 Rb8 26. Nf5 Qe8 27. Bxe5 fxe5
28. Qd3 Rd8 29. Qe2 Rc7 30. Qg4+ Kh8 31. f3 Nf6 32. Qg5 Qg6 33. Qxg6 hxg6 34.
Nh4 Rg8 35. Be6 Rgg7 36. f4 exf4 37. exf4 Ne4 38. Nf3 d4 39. Ne5 Rce7 40. Bc4
g5 41. Nd3 gxf4 42. Nxf4 Rg5 43. Bd3 c4 44. bxc4 Rgg7 45. Bxe4 Rxe4 46. Rxe4
Bxe4 47. Rd1 Rd7 48. Nd3 Bf3 49. Rd2 Rc7 50. c5 Be4 51. Kf2 Rf7+ 52. Nf4 d3 53.
Ke3 Bh7 54. Nxd3 Kg7 55. Nf4 Re7+ 56. Kd4 Re4+ 57. Kc3 Re3+ 58. Kb2 a4 59. Re2
a3+ 60. Kc1 Rc3+ 61. Kd1 Rxc5 62. Ne6+ 1-0

[Event "XXVI Weekend Open FIDE"]
[Site "Robecchetto con Induno ITA"]
[Date "2015.07.25"]
[Round "2"]
[White "Castoldi, Andrea"]
[Black "Marchesotti, Giovanni"]
[WhiteElo "1392"]
[BlackElo "1556"]
[Result "1/2-1/2"]
[PlyCount "30"]
[EventDate "2015.07.24"]

1. e4 c6 2. d4 d5 3. exd5 cxd5 4. Nf3 Nf6 5. Bd3 e6 6. O-O Be7 7. Re1 O-O 8. c3
Nc6 9. Bf4 Nh5 10. Qc1 Nxf4 11. Qxf4 f5 12. Ne5 Bd6 13. Nxc6 bxc6 14. Qe3 Qf6
15. f4 Bd7 1/2-1/2

[Event "XXVI Weekend Open FIDE"]
[Site "Robecchetto con Induno ITA"]
[Date "2015.07.25"]
[Round "2"]
[White "Cecchini, Massimo S."]
[Black "Gil Ojeda, Lucia"]
[WhiteElo "1732"]
[BlackElo "1440"]
[Result "1-0"]
[PlyCount "73"]
[EventDate "2015.07.24"]

1. d4 f5 2. Nf3 d6 3. g3 g6 4. Bg2 Bg7 5. O-O Nf6 6. b3 O-O 7. Bb2 e6 8. c4 Qe7
9. Nc3 Nbd7 10. Qc2 Rb8 11. Rad1 b6 12. Rfe1 Bb7 13. h3 c5 14. e3 Ne4 15. Ne2
a5 16. a3 d5 17. Ne5 Nef6 18. Nf4 Qe8 19. h4 Ba6 20. cxd5 exd5 21. Nxd5 Rd8 22.
Nc7 Qe7 23. Nxa6 Qe8 24. Nc7 Qe7 25. Nc6 Qf7 26. Nxd8 Rxd8 27. d5 Nb8 28. d6
Ne8 29. Bd5 Nxd6 30. Bxf7+ Kxf7 31. Bxg7 Kxg7 32. Ne6+ Kf7 33. Nxd8+ Ke7 34. a4
Kxd8 35. Rxd6+ Nd7 36. Rxd7+ Kxd7 37. Rd1+ 1-0

[Event "XXVI Weekend Open FIDE"]
[Site "Robecchetto con Induno ITA"]
[Date "2015.07.25"]
[Round "2"]
[White "Ciochetta, Giovanni"]
[Black "Crestani, Sandro"]
[WhiteElo "1591"]
[BlackElo "1633"]
[Result "1-0"]
[PlyCount "105"]
[EventDate "2015.07.24"]

1. e4 d6 2. d4 Nf6 3. Nc3 g6 4. Nf3 Bg7 5. Bc4 O-O 6. O-O Nxe4 7. Bxf7+ Rxf7 8.
Nxe4 c6 9. c3 d5 10. Nc5 b6 11. Nd3 Bg4 12. Nde1 e5 13. h3 Bxf3 14. Nxf3 exd4
15. cxd4 Nd7 16. Be3 Rc8 17. Qb3 Qc7 18. Rac1 Qd6 19. Rc2 c5 20. Rfc1 c4 21.
Qa4 Nf6 22. b3 Rb7 23. bxc4 dxc4 24. Qb5 Qd5 25. Qxd5+ Nxd5 26. Rxc4 Rxc4 27.
Rxc4 h6 28. Kf1 Kf7 29. Ke2 Re7 30. Kd2 g5 31. g3 Rd7 32. h4 gxh4 33. Nxh4 h5
34. Nf5 Bf8 35. Ke2 Kg6 36. Nh4+ Kf7 37. Rc6 Rc7 38. Rxc7+ Nxc7 39. Kd3 Nd5 40.
Kc4 Ke6 41. Nf3 Nb4 42. a4 Be7 43. Ng5+ Kf5 44. Nf3 Nc2 45. Bf4 Ke4 46. Nd2+
Kf5 47. d5 Bc5 48. d6 Ke6 49. Ne4 Ne1 50. Nxc5+ bxc5 51. Kxc5 Nd3+ 52. Kc6 Nxf4
53. gxf4 1-0

[Event "XXVI Weekend Open FIDE"]
[Site "Robecchetto con Induno ITA"]
[Date "2015.07.25"]
[Round "2"]
[White "Colombo, Emanuele"]
[Black "Macchiettini, Pierangelo"]
[WhiteElo "1560"]
[BlackElo "1697"]
[Result "1/2-1/2"]
[PlyCount "36"]
[EventDate "2015.07.24"]

1. e4 c5 2. Nf3 d6 3. d4 cxd4 4. Nxd4 Nf6 5. Nc3 a6 6. Bd3 e6 7. Be3 Nbd7 8. f4
Qc7 9. O-O Be7 10. Qf3 O-O 11. Qg3 Nh5 12. Qh3 g6 13. Be2 Ng7 14. Rf3 Nf6 15.
Raf1 e5 16. Qg3 exd4 17. Bxd4 Qd8 18. f5 Nfh5 1/2-1/2

[Event "XXVI Weekend Open FIDE"]
[Site "Robecchetto con Induno ITA"]
[Date "2015.07.25"]
[Round "2"]
[White "Colombo, Ernesto"]
[Black "Clerici, Diego"]
[WhiteElo "1667"]
[BlackElo "1359"]
[Result "1-0"]
[PlyCount "53"]
[EventDate "2015.07.24"]

1. d4 Nf6 2. c4 g6 3. g3 Bg7 4. Bg2 O-O 5. Nf3 d6 6. O-O c5 7. e3 Bf5 8. Nc3
Nc6 9. Nh4 Bd7 10. b3 b6 11. Bb2 Qc8 12. Re1 e5 13. dxe5 dxe5 14. Nd5 Re8 15.
e4 Rb8 16. Nf3 Bg4 17. Qd2 Nd4 18. Nxd4 cxd4 19. Rac1 Nxd5 20. cxd5 Qd7 21. f3
Bh3 22. Bxh3 Qxh3 23. Rc7 a5 24. f4 Bh6 25. Rf1 exf4 26. Qxd4 fxg3 27. Qh8# 1-0

[Event "XXVI Weekend Open FIDE"]
[Site "Robecchetto con Induno ITA"]
[Date "2015.07.25"]
[Round "2"]
[White "Dini, Marco"]
[Black "Mereghetti, Marco"]
[WhiteElo "1440"]
[BlackElo "1655"]
[Result "0-1"]
[PlyCount "44"]
[EventDate "2015.07.24"]

1. d4 Nf6 2. c4 g6 3. Nc3 d5 4. Nf3 Bg7 5. e3 O-O 6. Be2 dxc4 7. Bxc4 c5 8. h3
Qc7 9. O-O cxd4 10. exd4 Qxc4 11. Bf4 Nd5 12. Nxd5 Qxd5 13. Qd2 Bxh3 14. Rac1
Nc6 15. Rc5 Qd7 16. gxh3 Qxh3 17. Ng5 Qg4+ 18. Kh2 Nxd4 19. Rc3 Ne2 20. Rc4
Nxf4 21. Qxf4 Qxf4+ 22. Rxf4 Be5 0-1

[Event "XXVI Weekend Open FIDE"]
[Site "Robecchetto con Induno ITA"]
[Date "2015.07.25"]
[Round "2"]
[White "Dubois, Thomas"]
[Black "Carbone, Lorenzo"]
[WhiteElo "1826"]
[BlackElo "1596"]
[Result "1-0"]
[PlyCount "93"]
[EventDate "2015.07.24"]

1. e4 c5 2. c4 Nc6 3. Nc3 e6 4. d3 Nf6 5. f4 d5 6. Nf3 dxe4 7. dxe4 Qxd1+ 8.
Kxd1 Be7 9. a3 O-O 10. Bd3 Rd8 11. Kc2 b6 12. h3 Bb7 13. e5 Ne8 14. Bd2 Na5 15.
Rhf1 h6 16. Ne2 Nb3 17. Rad1 Nxd2 18. Rxd2 Rd7 19. g4 Rad8 20. Ng3 a6 21. f5 b5
22. b3 bxc4 23. Bxc4 Rxd2+ 24. Nxd2 Nc7 25. Rf2 Bh4 26. Ndf1 Bd5 27. Rd2 Bg5
28. Re2 Bf3 29. Re1 Bg2 30. Ne4 Bxh3 31. Nxg5 Bxf1 32. Nxe6 Nxe6 33. Rxf1 Nd4+
34. Kc3 Nb5+ 35. Bxb5 axb5 36. a4 bxa4 37. bxa4 Rd4 38. Ra1 Rxg4 39. a5 Rb4 40.
a6 Rb8 41. a7 Ra8 42. Kc4 Kf8 43. Kxc5 Ke7 44. Ra6 Kd7 45. Kb6 Kc8 46. e6 f6
47. Ra1 1-0

[Event "XXVI Weekend Open FIDE"]
[Site "Robecchetto con Induno ITA"]
[Date "2015.07.25"]
[Round "2"]
[White "Fantina, Carla"]
[Black "Moroni, Luca"]
[WhiteElo "1314"]
[BlackElo "1821"]
[Result "0-1"]
[PlyCount "139"]
[EventDate "2015.07.24"]

1. c4 c5 2. g3 d6 3. Bg2 Nf6 4. Nc3 g6 5. e3 Bg7 6. d3 O-O 7. Nge2 Nc6 8. O-O
Bd7 9. h3 Qc8 10. Kh2 a6 11. a3 Rb8 12. e4 b5 13. cxb5 axb5 14. Be3 b4 15. Nd5
bxa3 16. Rxa3 Rxb2 17. Ra6 Nxd5 18. exd5 Nb4 19. Ra7 Ra2 20. Rxa2 Nxa2 21. Qd2
Nb4 22. Rc1 Qa6 23. Nf4 Qa2 24. Qxa2 Nxa2 25. Rb1 Nb4 26. Bf1 Be5 27. h4 Bxf4
28. Bxf4 Nxd5 29. Rb7 Bc6 30. Ra7 Nxf4 31. gxf4 Re8 32. Rc7 Bd5 33. Bh3 f5 34.
Kg3 Kf7 35. Bf1 Rb8 36. f3 Rb1 37. Bg2 Rd1 38. Rc8 Rxd3 39. Rh8 Kg7 40. Re8 Re3
41. Kf2 Re6 42. Bf1 Kf7 43. Rh8 h6 44. Rc8 Kg7 45. Bb5 Rf6 46. Rc7 c4 47. Rxe7+
Rf7 48. Re3 Rc7 49. Rc3 Rc5 50. Ba6 Be6 51. Ke3 d5 52. Kd4 Rc7 53. Ke5 Bf7 54.
Kd6 Ra7 55. Bb5 d4 56. Rc1 c3 57. Bd3 Ra5 58. Ke7 Ra7+ 59. Kd6 Kf6 60. Kc5 Rd7
61. Kc6 Rd8 62. Kc7 Re8 63. Kd7 Re3 64. Rd1 Rxd3 65. Rxd3 c2 66. Rxd4 c1=Q 67.
Rd6+ Kg7 68. Rd4 Qe3 69. Rd6 Qxf4 70. Ke7 0-1

[Event "XXVI Weekend Open FIDE"]
[Site "Robecchetto con Induno ITA"]
[Date "2015.07.25"]
[Round "2"]
[White "Frignani, Alessandro"]
[Black "Biava, Pierluigi"]
[WhiteElo "1403"]
[BlackElo "1588"]
[Result "0-1"]
[PlyCount "74"]
[EventDate "2015.07.24"]

1. e4 Nf6 2. Qe2 e5 3. Nf3 Nc6 4. c3 d6 5. d3 g6 6. h3 Bg7 7. Bg5 h6 8. Bh4 Be6
9. Na3 Qd7 10. Bg3 Nh5 11. Bh2 a6 12. Nc2 b5 13. g4 Nf4 14. Bxf4 exf4 15. d4
Bc4 16. Qd2 Bxf1 17. Rxf1 g5 18. O-O-O O-O 19. Rde1 Rfe8 20. Re2 Rab8 21. d5
Na5 22. b3 c5 23. Rfe1 f6 24. Nh2 Nb7 25. f3 a5 26. a3 Rec8 27. Kb1 Nd8 28. Ka2
Nf7 29. c4 bxc4 30. bxc4 Qa4 31. Qd3 Ne5 32. Qc3 Nxc4 33. Rb1 Rxb1 34. Kxb1
Rb8+ 35. Kc1 Rb3 36. Qa1 f5 37. Qa2 Rb2 0-1

[Event "XXVI Weekend Open FIDE"]
[Site "Robecchetto con Induno ITA"]
[Date "2015.07.25"]
[Round "2"]
[White "Gerthoffert, David"]
[Black "Pattano, Antonio"]
[WhiteElo "1710"]
[BlackElo "1263"]
[Result "1-0"]
[PlyCount "153"]
[EventDate "2015.07.24"]

1. e4 e5 2. Nf3 Nc6 3. Bc4 h6 4. c3 d6 5. d4 Bg4 6. h3 Bxf3 7. Qxf3 Nf6 8. Bb5
Nd7 9. d5 Ne7 10. b4 c6 11. dxc6 Nxc6 12. Nd2 Qf6 13. Qxf6 Nxf6 14. Bb2 Be7 15.
Bc4 O-O 16. O-O Rfd8 17. Bd5 a6 18. a4 Nxd5 19. exd5 Nb8 20. Nc4 Nd7 21. Na5 b6
22. Nc6 Re8 23. b5 Nc5 24. f3 Nb3 25. Rad1 axb5 26. axb5 Bg5 27. Rfe1 Ra2 28.
Rb1 Nd2 29. Nb4 Nxb1 30. Nxa2 Nd2 31. Bc1 Bf4 32. Kf2 e4 33. Bxd2 Bxd2 34. Rxe4
Rxe4 35. fxe4 Bf4 36. Ke2 f6 37. Nb4 Bc1 38. Nc6 Ba3 39. Kf3 Kf7 40. Nd8+ Ke7
41. Ne6 Kf7 42. g3 Bb2 43. c4 Be5 44. g4 g5 45. Ke3 Bh2 46. Kf2 Be5 47. Nd8+
Ke8 48. Nc6 Bf4 49. Nd4 Kf7 50. Nf5 Be5 51. Nxh6+ Kg6 52. Nf5 Kf7 53. h4 gxh4
54. Nxh4 Bh2 55. Kg2 Bf4 56. Kh3 Bg5 57. Nf5 Bf4 58. Kh4 Bg5+ 59. Kh5 Bf4 60.
Nd4 Be5 61. Ne6 Bc3 62. g5 fxg5 63. Kxg5 Be5 64. Nd8+ Ke8 65. Nc6 Bc3 66. Kf5
Kd7 67. e5 dxe5 68. Nxe5+ Kc7 69. Ke6 Bb4 70. Nf7 Bc5 71. d6+ Bxd6 72. Nxd6 Kd8
73. Kd5 Kc7 74. c5 bxc5 75. Kxc5 Kb8 76. Kb6 Ka8 77. Kc7 1-0

[Event "XXVI Weekend Open FIDE"]
[Site "Robecchetto con Induno ITA"]
[Date "2015.07.25"]
[Round "2"]
[White "Gil Ojeda, Jorge"]
[Black "Madaschi, Sergio"]
[WhiteElo "1285"]
[BlackElo "1523"]
[Result "1/2-1/2"]
[PlyCount "64"]
[EventDate "2015.07.24"]

1. e4 c5 2. Nf3 Nc6 3. d4 cxd4 4. Nxd4 Nf6 5. Nc3 e5 6. Ndb5 d6 7. Bd3 a6 8.
Na3 b5 9. Nd5 Nxd5 10. exd5 Ne7 11. c4 bxc4 12. Bxc4 g6 13. O-O Bg7 14. Be3 O-O
15. Qd2 Nf5 16. Qd3 Nxe3 17. Qxe3 Bf5 18. Rad1 Qa5 19. Qd2 Qb6 20. b3 Rfe8 21.
Nc2 Bxc2 22. Qxc2 e4 23. Qd2 e3 24. fxe3 Rxe3 25. Qf2 f5 26. Kh1 Rae8 27. Rde1
Bd4 28. Rxe3 Rxe3 29. Qd2 Re8 30. Re1 Be5 31. Qe3 Qxe3 32. Rxe3 a5 1/2-1/2

[Event "XXVI Weekend Open FIDE"]
[Site "Robecchetto con Induno ITA"]
[Date "2015.07.25"]
[Round "2"]
[White "Ginosa, Romano Pierluigi"]
[Black "Mantovan, Giuseppe"]
[WhiteElo "1622"]
[BlackElo "1784"]
[Result "1/2-1/2"]
[PlyCount "159"]
[EventDate "2015.07.24"]

1. e4 e6 2. d3 d5 3. Nd2 Nf6 4. e5 Nfd7 5. d4 c5 6. c3 Nc6 7. Ngf3 Qb6 8. Nb3
f6 9. dxc5 Bxc5 10. Nxc5 Qxc5 11. Be3 Qe7 12. exf6 Nxf6 13. Bb5 Bd7 14. O-O O-O
15. Bxc6 bxc6 16. b4 Ne4 17. Bd4 Rf5 18. Ne5 c5 19. bxc5 Bb5 20. Re1 Raf8 21.
f3 Nxc5 22. Kh1 Nd7 23. Rb1 Nxe5 24. Bxe5 a6 25. a4 Bc4 26. Qd4 h5 27. Rb6 Qf7
28. Bg3 Re8 29. h3 Qg6 30. Qf2 Qf7 31. Rc6 e5 32. Qc5 Qe7 33. Qxe7 Rxe7 34.
Rc8+ Kh7 35. Kg1 Kg6 36. Rb8 Kg5 37. f4+ Kf6 38. Bh4+ g5 39. Bxg5+ Rxg5 40.
fxg5+ Kxg5 41. Re3 e4 42. g3 Rg7 43. a5 h4 44. g4 Kf4 45. Re1 Re7 46. Rf8+ Ke5
47. Rf5+ Kd6 48. Rh5 Rf7 49. Rxh4 Rf3 50. Rh6+ Ke5 51. Rh5+ Ke6 52. Rh6+ Ke5
53. Rc1 e3 54. Re1 e2 55. Rh5+ Ke4 56. Rf5 Rxh3 57. Kg2 Rxc3 58. Rf8 d4 59. Kf2
d3 60. Re8+ Kf4 61. Rf8+ Kg5 62. Rd8 Ra3 63. Rc1 Ra4 64. Ke3 Rxa5 65. Rxd3 Bxd3
66. Kxd3 Kxg4 67. Kxe2 Rd5 68. Ke3 Kf5 69. Rc8 a5 70. Ra8 Ke5 71. Re8+ Kf6 72.
Ra8 Ke7 73. Ke4 Rb5 74. Kd4 Kd7 75. Ra6 Kc7 76. Kc4 Rh5 77. Kb3 Kb7 78. Rd6 Rh4
79. Ka3 Rb4 80. Re6 1/2-1/2

[Event "XXVI Weekend Open FIDE"]
[Site "Robecchetto con Induno ITA"]
[Date "2015.07.25"]
[Round "2"]
[White "Koureas, Panicos"]
[Black "Neri, Massimo"]
[WhiteElo "1429"]
[BlackElo "1711"]
[Result "1/2-1/2"]
[PlyCount "57"]
[EventDate "2015.07.24"]

1. e4 d5 2. exd5 Qxd5 3. Nc3 Qa5 4. Bc4 Nf6 5. d3 Bf5 6. Bd2 c6 7. Nf3 e6 8.
Ne4 Qd8 9. Ng3 Bg6 10. O-O Bd6 11. Re1 O-O 12. Nh4 Qc7 13. Nxg6 hxg6 14. Qf3
Nbd7 15. d4 Rfe8 16. h4 Bxg3 17. fxg3 Nb6 18. Bb3 Qd6 19. c3 a5 20. a4 Nbd5 21.
Rad1 b5 22. c4 bxc4 23. Bxc4 Nb6 24. Bf4 Qd7 25. Bb3 Nfd5 26. Bc1 Qe7 27. Rf1
Rf8 28. Bd2 Qd6 29. Rc1 1/2-1/2

[Event "XXVI Weekend Open FIDE"]
[Site "Robecchetto con Induno ITA"]
[Date "2015.07.25"]
[Round "2"]
[White "Lo Curto, Andrea"]
[Black "Nava, Mario"]
[WhiteElo "1620"]
[BlackElo "1299"]
[Result "1-0"]
[PlyCount "77"]
[EventDate "2015.07.24"]

1. Nf3 c5 2. d4 cxd4 3. Nxd4 e5 4. Nf3 e4 5. Ng5 d5 6. c4 Be7 7. Qxd5 Qxd5 8.
cxd5 Nf6 9. Nc3 h6 10. Ngxe4 Nxe4 11. Nxe4 Bb4+ 12. Bd2 Bxd2+ 13. Nxd2 O-O 14.
e4 Nd7 15. Be2 Nf6 16. f4 Re8 17. Bf3 Ng4 18. Bxg4 Bxg4 19. h3 Bf5 20. e5 Rad8
21. Nc4 b5 22. Ne3 Bd3 23. Kf2 Be4 24. Rhd1 Rc8 25. Rac1 Rxc1 26. Rxc1 Rd8 27.
Rc5 a6 28. d6 Kf8 29. g3 Ke8 30. Nd5 Bxd5 31. Rxd5 Kd7 32. b4 Rc8 33. Rc5 Rc6
34. Ke3 Rb6 35. f5 Rc6 36. Ke4 Rxc5 37. bxc5 Kc6 38. e6 fxe6 39. fxe6 1-0

[Event "XXVI Weekend Open FIDE"]
[Site "Robecchetto con Induno ITA"]
[Date "2015.07.25"]
[Round "2"]
[White "Lo Curto, Davide"]
[Black "Minore, Antonino"]
[WhiteElo "1615"]
[BlackElo "1283"]
[Result "1-0"]
[PlyCount "67"]
[EventDate "2015.07.24"]

1. d4 d6 2. e4 e6 3. Nf3 Be7 4. Nc3 a6 5. Bf4 Nc6 6. Bc4 Bd7 7. O-O g5 8. Be3
Nh6 9. d5 Ne5 10. dxe6 Nxc4 11. exd7+ Kxd7 12. Qd4 Nxe3 13. Qxe3 f5 14. exf5
Nxf5 15. Qe4 Rf8 16. Qxb7 g4 17. Nd2 Qb8 18. Qxb8 Raxb8 19. Na4 Nd4 20. c3 Ne6
21. Rfd1 d5 22. c4 Nc5 23. Nxc5+ Bxc5 24. Ne4 Be7 25. Rxd5+ Kc6 26. b3 Rf4 27.
Re5 Kd7 28. Rd1+ Ke8 29. Nc5 Rd8 30. Rxd8+ Kxd8 31. Ne6+ Kd7 32. Nxf4 Bd6 33.
Rd5 Kc6 34. Nh5 1-0

[Event "XXVI Weekend Open FIDE"]
[Site "Robecchetto con Induno ITA"]
[Date "2015.07.25"]
[Round "2"]
[White "Marani, Luca"]
[Black "Torretta, Gilberto"]
[WhiteElo "1839"]
[BlackElo "1648"]
[Result "1-0"]
[PlyCount "49"]
[EventDate "2015.07.24"]

1. e4 e5 2. Nf3 Nc6 3. Bc4 Nf6 4. Ng5 d5 5. exd5 b5 6. Bf1 Qxd5 7. Nc3 Qc5 8.
Bxb5 Bd7 9. Qf3 Be7 10. d3 O-O 11. Bc4 Nd4 12. Qd1 h6 13. Nge4 Qb4 14. O-O Kh7
15. a3 Qb7 16. Nxf6+ Bxf6 17. Nd5 Rg8 18. Qh5 Qc6 19. Qxf7 Bh4 20. Qh5 Be6 21.
Nb4 Qb7 22. Bxe6 Nxe6 23. Qxh4 c5 24. Na2 Raf8 25. Qe4+ 1-0

[Event "XXVI Weekend Open FIDE"]
[Site "Robecchetto con Induno ITA"]
[Date "2015.07.25"]
[Round "2"]
[White "Pizzolato, Roberto"]
[Black "Pivari, Flavio"]
[WhiteElo "1786"]
[BlackElo "1481"]
[Result "1-0"]
[PlyCount "33"]
[EventDate "2015.07.24"]

1. e4 c5 2. c3 g6 3. Nf3 Bg7 4. d4 cxd4 5. cxd4 Nf6 6. e5 Nd5 7. Bc4 e6 8. O-O
h6 9. Nc3 Qc7 10. Bxd5 exd5 11. Nxd5 Qc6 12. Qb3 b5 13. Bf4 Na6 14. Rac1 Qe6
15. Qxb5 Rb8 16. Qxb8 Qxd5 17. Qxc8+ 1-0

[Event "XXVI Weekend Open FIDE"]
[Site "Robecchetto con Induno ITA"]
[Date "2015.07.25"]
[Round "2"]
[White "Puricelli, Giancarlo"]
[Black "Corbelli, Daniele"]
[WhiteElo "1683"]
[BlackElo "1412"]
[Result "1-0"]
[PlyCount "91"]
[EventDate "2015.07.24"]

1. d4 Nf6 2. c4 e6 3. Nc3 Bb4 4. Bd2 O-O 5. Nf3 b6 6. e3 Bb7 7. Be2 d6 8. a3
Bxc3 9. Bxc3 Ne4 10. Qc2 Nd7 11. O-O Re8 12. b4 c5 13. Qb2 Nxc3 14. Qxc3 Qe7
15. Rfd1 Be4 16. Bd3 Bxf3 17. gxf3 Qg5+ 18. Kf1 f5 19. Ke2 Kf7 20. Rg1 Qf6 21.
Kd2 cxd4 22. Qxd4 Qxd4 23. exd4 g6 24. a4 a5 25. bxa5 bxa5 26. Rab1 Rab8 27.
Rb5 Ra8 28. Rgb1 Reb8 29. c5 dxc5 30. dxc5 Rxb5 31. Rxb5 Ke8 32. c6 Nb8 33. Rb7
Nxc6 34. Bb5 Rd8+ 35. Ke3 Rd6 36. Rc7 Kd8 37. Rxc6 Rxc6 38. Bxc6 Kc7 39. Bb5 e5
40. Kd3 Kd6 41. Kc4 g5 42. Be8 Ke7 43. Bc6 Kd6 44. Kb5 h5 45. Be8 h4 46. Bg6
1-0

[Event "XXVI Weekend Open FIDE"]
[Site "Robecchetto con Induno ITA"]
[Date "2015.07.25"]
[Round "2"]
[White "Rossi, Emanuele"]
[Black "Poletto, Daniele"]
[WhiteElo "1593"]
[BlackElo "1712"]
[Result "0-1"]
[PlyCount "124"]
[EventDate "2015.07.24"]

1. e4 c5 2. d4 cxd4 3. c3 Nf6 4. e5 Nd5 5. cxd4 d6 6. Bb5+ Nc6 7. Bxc6+ bxc6 8.
Nf3 Bd7 9. O-O dxe5 10. Nxe5 e6 11. Be3 Be7 12. Qg4 Bf6 13. Nd2 Nxe3 14. fxe3
h5 15. Qe2 Bxe5 16. dxe5 Qg5 17. Nc4 O-O 18. Rf4 c5 19. Qf3 Rac8 20. h4 Qg6 21.
Nd6 Bc6 22. Qf2 Rb8 23. Rf1 Rb4 24. b3 Rxf4 25. exf4 Qg4 26. Re1 Bd5 27. Re3 f6
28. exf6 Rxf6 29. g3 Qh3 30. Qh2 Qg4 31. Qe2 Rxf4 32. Qxg4 Rxg4 33. Nc8 a5 34.
Nd6 a4 35. Kf2 axb3 36. axb3 Rb4 37. Rc3 Rxb3 38. Rxb3 Bxb3 39. Ke3 Kf8 40. Ne4
c4 41. Kd4 Ke7 42. Nc3 Kd6 43. Ne4+ Ke7 44. Ng5 Kf6 45. Nf3 Kf5 46. Ke3 Kg4 47.
Kf2 c3 48. Nd4 Bc4 49. Ne2 c2 50. Nc1 e5 51. Kg2 e4 52. Kf2 Kh3 53. Ke3 Kxg3
54. Kxe4 Kxh4 55. Kd4 Bf7 56. Kc3 Bg6 57. Kd2 Bh7 58. Ne2 g5 59. Nd4 g4 60. Nb3
g3 61. Ke1 Kh3 62. Kf1 Kh2 0-1